00445nam a2200133Ia 4500008004100000082001500041100004100056245009800097260003900195300001700234520001100251650002800262700002100290230907s9999||||xx |||||||||||||| ||und|| a620.5bAWA aMuhammad Awais Mahboob (00000117685) 0aFabrication of carbon nano materials based counter electrode for dye sensitized solar cells / aIslamabad :bUSPCAS-E, NUST,c2018 axi,112+9 p.: aTH-101 aMS-ESE Thesis MS Thesis aDr Nadia Shahzad